Perspective of children's rooms in Tomsk restaurants; Трансформация научных парадигм и коммуникативные практики в информационном социуме

Podrobná bibliografie
Parent link:Трансформация научных парадигм и коммуникативные практики в информационном социуме.— 2009.— С. 318-320
Hlavní autor: Zenina O.
Další autoři: Chernetsova L.
Jazyk:ruština
Vydáno: 2009
Témata:
Médium: MixedMaterials Kapitola
KOHA link:https://koha.lib.tpu.ru/cgi-bin/koha/opac-detail.pl?biblionumber=208816

MARC

LEADER 00000naa2a2200000 4500
001 208816
005 20231031191525.0
035 |a (RuTPU)RU\TPU\book\228058 
090 |a 208816 
100 |a 20120206d2009 k y0rusy50 ca 
101 0 |a rus 
102 |a RU 
200 1 |a Perspective of children's rooms in Tomsk restaurants  |f O. Zenina, L. Chernetsova 
463 0 |0 (RuTPU)RU\TPU\book\208739  |t Трансформация научных парадигм и коммуникативные практики в информационном социуме  |o сборник научных трудов, Томск, 20-21 октября 2009 г.  |f Томский политехнический университет (ТПУ) ; под ред. В. Г. Рубанова  |v С. 318-320  |d 2009  |p 363 с. 
610 1 |a рестораны 
610 1 |a Томск 
610 1 |a дети 
610 1 |a организация работы 
610 1 |a труды учёных ТПУ 
700 1 |a Zenina  |b O. 
701 1 |a Chernetsova  |b L. 
801 1 |a RU  |b 63413507  |c 20120206 
801 2 |a RU  |b 63413507  |c 20120905  |g RCR 
942 |c BK